| 000 | 00603nam a22001457a 4500 | ||
|---|---|---|---|
| 999 |
_c61094 _d61094 |
||
| 005 | 20231219114044.0 | ||
| 008 | 231219s1984 ru ||||| |||| 00| 0 rus d | ||
| 041 | _arus | ||
| 080 | _a902.6 B-75 | ||
| 245 |
_aВооружение скифов и сарматов : _bСборник научных трудов / _c АН УССР, Ин-т археологии. |
||
| 264 |
_aКиев: _bНаук. думка, _c1984. |
||
| 300 |
_a160 с.: _bил.; _c22 см. |
||
| 653 | _aსკვითებისა და სარმატების შეიარაღება | ||
| 942 |
_2udc _cᲬᲘᲒᲜᲘ |
||